[Event "Southend Easter op 64th"]
[Site "Southend-on-Sea"]
[Date "2022.04.15"]
[Round "1.27"]
[White "Rogers, Tim L"]
[Black "Ball, Charlie"]
[Result "1-0"]
[WhiteElo "1986"]
[BlackElo "1272"]
[PlyCount "49"]
[EventDate "2022.04.15"]
[EventType "swiss"]
[EventRounds "7"]
[EventCountry "ENG"]

1. e4 d5 2. exd5 Nf6 3. d4 Bg4 4. Be2 Bxe2 5. Qxe2 Qxd5 6. Nf3 Nc6 7. O-O O-O-O
8. Be3 e6 9. c4 Qf5 10. Nc3 Bd6 11. Rad1 h6 12. d5 Ne5 13. Nd4 Qh5 14. Qxh5
Nxh5 15. c5 Be7 16. Ndb5 a6 17. d6 axb5 18. dxe7 Rxd1 19. Rxd1 Nc6 20. Nxb5 Nf6
21. Bd4 Re8 22. Bxf6 gxf6 23. Kf1 Nxe7 24. Rd3 Rd8 25. Na7+ 1-0

[Event "Southend Easter op 64th"]
[Site "Southend-on-Sea"]
[Date "2022.04.15"]
[Round "1.28"]
[White "Catabay, Mae Katelyn Rose"]
[Black "Staples, Maurice J"]
[Result "0-1"]
[WhiteElo "1265"]
[BlackElo "1986"]
[PlyCount "48"]
[EventDate "2022.04.15"]
[EventType "swiss"]
[EventRounds "7"]
[EventCountry "ENG"]

1. d4 Nf6 2. c4 e5 3. dxe5 Ng4 4. e3 Nxe5 5. Nf3 Nbc6 6. Be2 g6 7. Nc3 Bg7 8.
Bd2 O-O 9. O-O d6 10. Rc1 Be6 11. Nxe5 Nxe5 12. Ne4 f5 13. Ng3 Qe7 14. f4 Nd7
15. Qc2 Rae8 16. Bf3 c6 17. Rfe1 Nf6 18. Bb4 Qc7 19. Rcd1 Rd8 20. Rd2 Rf7 21.
Red1 Rfd7 22. e4 Qb6+ 23. c5 Qxb4 24. exf5 Qxc5+ 0-1

[Event "Southend Easter op 64th"]
[Site "Southend-on-Sea"]
[Date "2022.04.15"]
[Round "1.29"]
[White "Moore, John C"]
[Black "Freeman, Ashley"]
[Result "1/2-1/2"]
[WhiteElo "1980"]
[BlackElo "1988"]
[PlyCount "91"]
[EventDate "2022.04.15"]
[EventType "swiss"]
[EventRounds "7"]
[EventCountry "ENG"]

1. e4 e5 2. Nf3 Nc6 3. Bb5 a6 4. Ba4 Nf6 5. O-O Be7 6. Re1 b5 7. Bb3 O-O 8. d4
Nxd4 9. Nxd4 exd4 10. e5 Ne8 11. Qxd4 Bb7 12. c3 c5 13. Qg4 d5 14. exd6 Nxd6
15. Be3 c4 16. Bc2 f5 17. Qh5 g6 18. Qe2 Bf6 19. Nd2 Re8 20. f4 Qc7 21. Qf2 Qc6
22. Nf3 Ne4 23. Bxe4 Rxe4 24. Rad1 Rae8 25. Rd2 R8e6 26. Rde2 Qe8 27. Nd2 b4
28. Nxe4 Bxe4 29. Bd4 Be7 30. g4 Qc6 31. gxf5 gxf5 32. Re3 Rg6+ 33. Rg3 Bh4 34.
Ree3 Kf7 35. Qe2 Bxg3 36. Rxg3 Bf3 37. Qe5 Qe6 38. Qxe6+ Kxe6 39. Kf2 Be4 40.
Rxg6+ hxg6 41. cxb4 Kd5 42. Ke3 Bb1 43. a3 Bc2 44. Be5 Bb3 45. Bf6 Ba4 46. Bd4
1/2-1/2

[Event "Southend Easter op 64th"]
[Site "Southend-on-Sea"]
[Date "2022.04.15"]
[Round "1.31"]
[White "Dias, Savin"]
[Black "Tapp, James"]
[Result "1-0"]
[WhiteElo "1968"]
[BlackElo "1882"]
[PlyCount "79"]
[EventDate "2022.04.15"]
[EventType "swiss"]
[EventRounds "7"]
[EventCountry "ENG"]

1. e4 c5 2. Nf3 d6 3. Bb5+ Bd7 4. Bxd7+ Nxd7 5. O-O Ngf6 6. Re1 e6 7. c3 Be7 8.
d4 cxd4 9. cxd4 d5 10. e5 Ne4 11. Nc3 Nxc3 12. bxc3 Rc8 13. Qb3 b6 14. Ba3 Nb8
15. Bxe7 Qxe7 16. Rac1 Nc6 17. c4 Na5 18. Qb5+ Qd7 19. cxd5 Rxc1 20. Qxd7+ Kxd7
21. dxe6+ fxe6 22. Rxc1 b5 23. Kf1 Nc4 24. Ke2 Rc8 25. Ng5 a5 26. Ne4 Kc6 27.
Nd6 Rb8 28. Nxc4 bxc4 29. Rxc4+ Kd5 30. Kd3 Rb5 31. f4 h5 32. Rc7 g6 33. Rd7+
Kc6 34. Rd6+ Kb7 35. Rxe6 Rb2 36. Rxg6 Rxa2 37. d5 Ra1 38. e6 a4 39. e7 Re1 40.
Re6 1-0

[Event "Southend Easter op 64th"]
[Site "Southend-on-Sea"]
[Date "2022.04.15"]
[Round "1.32"]
[White "Ghose, Rahul"]
[Black "Stoica, Savas Marin"]
[Result "0-1"]
[WhiteElo "1840"]
[BlackElo "1963"]
[PlyCount "90"]
[EventDate "2022.04.15"]
[EventType "swiss"]
[EventRounds "7"]
[EventCountry "ENG"]

1. e4 c6 2. d4 d5 3. e5 Bf5 4. Bd3 Bxd3 5. Qxd3 e6 6. Nf3 Ne7 7. O-O Nd7 8. Be3
Nf5 9. c3 Be7 10. Nbd2 O-O 11. b4 a5 12. b5 c5 13. c4 cxd4 14. Bxd4 dxc4 15.
Nxc4 Nc5 16. Qd1 Rc8 17. Rc1 Nxd4 18. Qxd4 Qxd4 19. Nxd4 Nd3 20. Rcd1 Nxf2 21.
Kxf2 Rxc4 22. Nf3 f6 23. exf6 gxf6 24. Rd7 Bc5+ 25. Kg3 Rf7 26. Rd8+ Kg7 27.
Rfd1 Bb6 28. R8d7 Bc7+ 29. Kh3 Rc3 30. Rxf7+ Kxf7 31. Rd7+ Kg6 32. g3 Rxf3 33.
Rxc7 Ra3 34. Rxb7 Rxa2 35. Rb8 Rb2 36. b6 Kf5 37. Ra8 Rxb6 38. Rxa5+ e5 39. g4+
Kg5 40. Ra7 Rb3+ 41. Kg2 Kxg4 42. h3+ Kf4 43. Rxh7 Rb2+ 44. Kf1 e4 45. h4 Kf3
0-1

[Event "Southend Easter op 64th"]
[Site "Southend-on-Sea"]
[Date "2022.04.15"]
[Round "1.33"]
[White "Kafetzopoulos, Anastasios"]
[Black "Davis-Loades, Alex"]
[Result "1/2-1/2"]
[WhiteElo "1934"]
[BlackElo "1837"]
[PlyCount "123"]
[EventDate "2022.04.15"]
[EventType "swiss"]
[EventRounds "7"]
[EventCountry "ENG"]

1. d4 d5 2. c4 e6 3. Nc3 Nf6 4. cxd5 exd5 5. Bg5 Be7 6. e3 O-O 7. Bd3 h6 8. Bh4
Be6 9. Nge2 Nbd7 10. O-O c5 11. Rc1 Rc8 12. Bb1 Qa5 13. a3 c4 14. e4 dxe4 15.
Nxe4 Rfe8 16. Qc2 g6 17. N2c3 Bf5 18. Bxf6 Nxf6 19. Qd2 Nxe4 20. Nxe4 Qxd2 21.
Nxd2 Bxb1 22. Nxb1 Bf6 23. Rfd1 Red8 24. Rc2 Rxd4 25. Rxd4 Bxd4 26. a4 Bf6 27.
Kf1 a6 28. Na3 c3 29. Nb1 Rc4 30. a5 Ra4 31. Nxc3 Bxc3 32. Rxc3 Rxa5 33. h4 Rb5
34. b3 a5 35. g3 Rb4 36. Ke2 b5 37. Rd3 a4 38. bxa4 bxa4 39. Rd8+ Kg7 40. Ra8
h5 41. Ra6 Rb2+ 42. Kf3 Rb3+ 43. Kg2 a3 44. Kh2 f6 45. Kg2 g5 46. hxg5 fxg5 47.
Ra8 Kf6 48. Ra5 h4 49. gxh4 gxh4 50. Kh2 h3 51. f4 Rc3 52. Kg1 Rf3 53. f5 Rc3
54. Kh2 Rf3 55. Kg1 Ke7 56. Kh2 Kd6 57. f6 Ke6 58. Ra6+ Kf7 59. Kg1 Kg6 60. Kh2
Kg5 61. f7 Kg4 62. Ra4+ 1/2-1/2

[Event "Southend Easter op 64th"]
[Site "Southend-on-Sea"]
[Date "2022.04.15"]
[Round "1.34"]
[White "Pereslavtsev, Alexandr"]
[Black "Mueller, Jens"]
[Result "0-1"]
[WhiteElo "1675"]
[BlackElo "1914"]
[PlyCount "82"]
[EventDate "2022.04.15"]
[EventType "swiss"]
[EventRounds "7"]
[EventCountry "ENG"]

1. d4 g6 2. c4 Bg7 3. Nc3 c5 4. Nf3 cxd4 5. Nxd4 Nc6 6. Nxc6 bxc6 7. Qc2 Nf6 8.
e4 d6 9. Be2 O-O 10. Be3 Qc7 11. O-O Rb8 12. Rac1 Rd8 13. b3 e5 14. Rfd1 Be6
15. f3 Nh5 16. Qd2 Qa5 17. Na4 Qxd2 18. Rxd2 Rd7 19. Rcd1 Rbd8 20. Nc3 f5 21.
g3 Nf6 22. Rd3 h6 23. Bf1 fxe4 24. fxe4 Bg4 25. Be2 Bxe2 26. Nxe2 Nxe4 27. b4
d5 28. cxd5 cxd5 29. Nc3 Nxc3 30. Rxc3 d4 31. Rcd3 e4 32. R3d2 d3 33. Rc1 Bd4
34. Bxd4 Rxd4 35. Kf2 Rf8+ 36. Ke3 Rxb4 37. Rf2 Rxf2 38. Kxf2 Rb2+ 39. Ke3 Re2+
40. Kd4 d2 41. Rd1 e3 0-1

[Event "Southend Easter op 64th"]
[Site "Southend-on-Sea"]
[Date "2022.04.15"]
[Round "1.35"]
[White "Brown, Geoffrey M"]
[Black "Chan, Ngo Yu"]
[Result "0-1"]
[WhiteElo "1906"]
[BlackElo "1525"]
[PlyCount "76"]
[EventDate "2022.04.15"]
[EventType "swiss"]
[EventRounds "7"]
[EventCountry "ENG"]

1. Nf3 d5 2. e3 c5 3. b3 Nc6 4. Bb5 Bd7 5. Bb2 Nf6 6. O-O e6 7. Bxc6 Bxc6 8.
Ne5 Bb5 9. c4 Ba6 10. d3 Bd6 11. Nd2 O-O 12. Qe2 Nd7 13. f4 f6 14. Nxd7 Qxd7
15. e4 dxe4 16. dxe4 Rad8 17. Rad1 Qc7 18. g3 b6 19. h4 Bb7 20. h5 e5 21. f5
Qf7 22. Rf2 Rd7 23. Bc1 Rfd8 24. Nf1 Bf8 25. Rxd7 Rxd7 26. Bb2 g6 27. hxg6 hxg6
28. g4 Bh6 29. Qf3 Bg5 30. Rh2 Kf8 31. Rh8+ Ke7 32. Ne3 Qg7 33. Rb8 Bxe3+ 34.
Qxe3 gxf5 35. g5 Bxe4 36. Kf2 fxg5 37. Bc1 Kf6 38. b4 Qh6 0-1

[Event "Southend Easter op 64th"]
[Site "Southend-on-Sea"]
[Date "2022.04.15"]
[Round "1.36"]
[White "Edipoglu, Berk"]
[Black "Staniland, Philip"]
[Result "1-0"]
[WhiteElo "1502"]
[BlackElo "1902"]
[PlyCount "85"]
[EventDate "2022.04.15"]
[EventType "swiss"]
[EventRounds "7"]
[EventCountry "ENG"]

1. e4 Nc6 2. Nc3 e5 3. Bc4 Nf6 4. d3 Bc5 5. Na4 Be7 6. f4 a6 7. Bb3 b5 8. Nc3
d6 9. f5 Nd4 10. Nf3 Nxb3 11. axb3 Bb7 12. O-O O-O 13. Qe1 Kh8 14. Be3 b4 15.
Ne2 d5 16. Rd1 Qe8 17. Ng3 dxe4 18. dxe4 Bxe4 19. Nxe4 Nxe4 20. Nxe5 Bd6 21.
Nf3 Qe7 22. Nd4 Rfe8 23. Nc6 Qf6 24. Nxb4 Qxb2 25. Bd4 Qa3 26. Nd3 Bc5 27. Nxc5
Nxc5 28. Qc3 Ne4 29. Qxc7 Re7 30. Bxg7+ Kg8 31. Qf4 f6 32. Bh6 Qc5+ 33. Kh1 Kf7
34. Qg4 Rg8 35. Qh5+ Rg6 36. fxg6+ hxg6 37. Qxc5 Nxc5 38. Bc1 Re8 39. b4 Ne4
40. Rd7+ Ke6 41. Rd4 Kf7 42. g3 Rh8 43. Rxe4 1-0

[Event "Southend Easter op 64th"]
[Site "Southend-on-Sea"]
[Date "2022.04.15"]
[Round "2.1"]
[White "Young, Craig A"]
[Black "Grieve, Harry"]
[Result "1/2-1/2"]
[WhiteElo "2049"]
[BlackElo "2387"]
[PlyCount "77"]
[EventDate "2022.04.15"]
[EventType "swiss"]
[EventRounds "7"]
[EventCountry "ENG"]

1. d4 d5 2. Nf3 e6 3. c4 c6 4. e3 Bd6 5. Bd3 f5 6. b3 Nf6 7. O-O Qe7 8. a4 a5
9. Ba3 O-O 10. Bxd6 Qxd6 11. Nbd2 Bd7 12. Ne5 Be8 13. f4 Bh5 14. Qc2 Na6 15. c5
Qc7 16. Bxa6 bxa6 17. Rfb1 Rfb8 18. Qc3 Ne4 19. Nxe4 fxe4 20. b4 Rxb4 21. Rxb4
axb4 22. Qxb4 Rb8 23. Qc3 a5 24. h3 Rb4 25. Ra2 Bd1 26. Qa1 Qb7 27. Kh2 Rb1 28.
Qc3 Rb4 29. Qa1 Bb3 30. Ra3 h6 31. Qe1 Bc4 32. Qh4 Rb2 33. Qd8+ Kh7 34. Nd7 Bf1
35. Nf8+ Kg8 36. Ng6+ Kh7 37. Nf8+ Kg8 38. Ng6+ Kh7 39. Nf8+ 1/2-1/2

[Event "Southend Easter op 64th"]
[Site "Southend-on-Sea"]
[Date "2022.04.15"]
[Round "2.2"]
[White "Ledger, Stephen C"]
[Black "Jones, Steven A"]
[Result "0-1"]
[WhiteElo "2010"]
[BlackElo "2246"]
[PlyCount "42"]
[EventDate "2022.04.15"]
[EventType "swiss"]
[EventRounds "7"]
[EventCountry "ENG"]

1. d4 Nf6 2. Bg5 d5 3. Bxf6 exf6 4. e3 Bd6 5. c4 dxc4 6. Bxc4 O-O 7. Nc3 f5 8.
Nf3 Nd7 9. O-O Nf6 10. Qc2 c6 11. a3 g6 12. Rfd1 Qe7 13. b4 Bd7 14. d5 Rac8 15.
Qb3 b5 16. Bf1 a6 17. dxc6 Bxc6 18. Nd4 Bxh2+ 19. Kh1 Ng4 20. Nxc6 Qh4 21. Ne7+
Kh8 0-1

[Event "Southend Easter op 64th"]
[Site "Southend-on-Sea"]
[Date "2022.04.15"]
[Round "2.3"]
[White "Villiers, Thomas"]
[Black "Myall, Ivan J"]
[Result "1-0"]
[WhiteElo "2219"]
[BlackElo "2028"]
[PlyCount "153"]
[EventDate "2022.04.15"]
[EventType "swiss"]
[EventRounds "7"]
[EventCountry "ENG"]

1. e4 e5 2. Nf3 Nc6 3. Bc4 Bc5 4. d4 Bxd4 5. Nxd4 Nxd4 6. Be3 Ne6 7. Bxe6 dxe6
8. Qh5 Nf6 9. Qxe5 Qd6 10. Qg5 e5 11. Nd2 O-O 12. O-O-O Qa6 13. a3 Re8 14. h4
Ng4 15. h5 h6 16. Qh4 Nxe3 17. fxe3 b5 18. Nb3 Qb6 19. Rd3 c5 20. Rhd1 c4 21.
Rd8 Be6 22. Rxa8 Rxa8 23. Nd2 Qxe3 24. c3 a5 25. Re1 Qc5 26. g4 f6 27. Qg3 b4
28. Qg1 Qd6 29. Nb1 Rd8 30. Qa7 b3 31. Qe3 Bxg4 32. Nd2 Bxh5 33. Rg1 Kh7 34. a4
Qxd2+ 35. Qxd2 Rxd2 36. Kxd2 Be8 37. Ke3 g5 38. Rd1 Bxa4 39. Rd5 Be8 40. Rxa5
Kg6 41. Rc5 Bf7 42. Kf3 h5 43. Rc7 h4 44. Rc5 Kg7 45. Kg4 Kg6 46. Kf3 Kg7 47.
Kg4 Bg8 48. Rc7+ Bf7 49. Kf3 Kf8 50. Rc8+ Ke7 51. Rc7+ Ke8 52. Rc6 Bh5+ 53. Kf2
Kf7 54. Rxc4 g4 55. Rb4 g3+ 56. Kg2 Bd1 57. c4 f5 58. Rb7+ Kg6 59. exf5+ Kxf5
60. Rf7+ Kg4 61. Rg7+ Kf4 62. Kh3 Bc2 63. Kxh4 Bf5 64. Rxg3 Bc2 65. Rg4+ Kf3
66. Rg3+ Kf4 67. Rg8 e4 68. Rf8+ Ke5 69. Kg3 Kd4 70. Rc8 e3 71. c5 Bf5 72. Rb8
Be6 73. c6 Kd3 74. Re8 Bf5 75. Kf4 Bh3 76. Rxe3+ Kc2 77. Rxh3 1-0

[Event "Southend Easter op 64th"]
[Site "Southend-on-Sea"]
[Date "2022.04.15"]
[Round "2.4"]
[White "Baer, Bruce L"]
[Black "Walker, Martin G"]
[Result "0-1"]
[WhiteElo "1992"]
[BlackElo "2187"]
[PlyCount "122"]
[EventDate "2022.04.15"]
[EventType "swiss"]
[EventRounds "7"]
[EventCountry "ENG"]

1. Nf3 Nf6 2. g3 g6 3. Bg2 Bg7 4. d3 d5 5. O-O O-O 6. Nbd2 c5 7. e4 dxe4 8.
dxe4 Nc6 9. Qe2 Qc7 10. c3 e5 11. Nc4 Rd8 12. Bg5 Be6 13. Rad1 h6 14. Bxf6 Bxf6
15. a4 Na5 16. Nfd2 Nxc4 17. Nxc4 Qc6 18. Ne3 Qxa4 19. Nd5 Bg7 20. f4 exf4 21.
gxf4 Bxd5 22. exd5 Rd6 23. f5 g5 24. Qe7 Qd7 25. Qxd7 Rxd7 26. f6 Bh8 27. Rf5
Rd6 28. Rdf1 Rad8 29. h4 gxh4 30. Be4 Rb6 31. R1f2 Rdd6 32. Re5 Kf8 33. Kh2
Rxf6 34. Re2 Rf4 35. Rh5 Bf6 36. Rf5 Rxf5 37. Bxf5 Rd6 38. Be4 b5 39. Kh3 c4
40. Kg4 Rb6 41. Kf5 a5 42. Rd2 Rd6 43. Rd1 Ke7 44. Re1 Bg5 45. Ke5 Rf6 46. Bf5
Rb6 47. Bg4 Bf6+ 48. Kf5+ Kf8 49. Ra1 a4 50. Bf3 Ra6 51. Rd1 Be7 52. Ke5 Bd6+
53. Kd4 a3 54. bxa3 Rxa3 55. Bg4 Ra2 56. Bd7 Rg2 57. Rf1 Ke7 58. Bc8 Rd2+ 59.
Ke4 Rd3 60. Re1 h3 61. Bf5 h2 0-1

[Event "Southend Easter op 64th"]
[Site "Southend-on-Sea"]
[Date "2022.04.15"]
[Round "2.5"]
[White "Maycock Bates, David Henry"]
[Black "Rogers, Tim L"]
[Result "1-0"]
[WhiteElo "2183"]
[BlackElo "1986"]
[PlyCount "85"]
[EventDate "2022.04.15"]
[EventType "swiss"]
[EventRounds "7"]
[EventCountry "ENG"]

1. e4 d6 2. d4 Nf6 3. Nc3 e5 4. Nf3 exd4 5. Nxd4 Be7 6. h3 h5 7. Qf3 c6 8. Bf4
O-O 9. O-O-O Qa5 10. Nb3 Qc7 11. Rg1 Nbd7 12. g4 h4 13. g5 Nh7 14. Qh5 Ne5 15.
Bxe5 dxe5 16. Bc4 Be6 17. g6 Nf6 18. gxf7+ Rxf7 19. Rxg7+ Rxg7 20. Bxe6+ Kf8
21. Qh8+ Ng8 22. Rd7 Rg1+ 23. Nd1 Qxd7 24. Bxd7 Rd8 25. Qxe5 Rxd7 26. Nd2 Nf6
27. c3 Re1 28. f3 Kf7 29. Qf4 Ke8 30. Qxh4 Rg1 31. Qf2 Rg5 32. Ne3 Bc5 33. b4
Rg2 34. Qxg2 Bxe3 35. Qg6+ Ke7 36. e5 Ne8 37. Qe4 Bxd2+ 38. Kc2 Nc7 39. f4 Ne6
40. f5 Nf4 41. e6 Rd8 42. Qe5 Nh5 43. Qc7+ 1-0

[Event "Southend Easter op 64th"]
[Site "Southend-on-Sea"]
[Date "2022.04.15"]
[Round "2.6"]
[White "Staples, Maurice J"]
[Black "Nilsson, Joakim 2000"]
[Result "0-1"]
[WhiteElo "1986"]
[BlackElo "2175"]
[PlyCount "52"]
[EventDate "2022.04.15"]
[EventType "swiss"]
[EventRounds "7"]
[EventCountry "ENG"]

1. e4 c5 2. Nf3 e6 3. Nc3 Nc6 4. g3 d5 5. d3 Nf6 6. e5 Nd7 7. Bf4 Qc7 8. Qe2
Nd4 9. Nxd4 cxd4 10. Nb1 Bb4+ 11. Nd2 Qxc2 12. Bg2 O-O 13. O-O Bxd2 14. Bxd2
Nxe5 15. Qxe5 Qxd2 16. Qxd4 Bd7 17. Rfd1 Qa5 18. h4 Rfc8 19. h5 h6 20. Rac1
Rxc1 21. Rxc1 Qxa2 22. Rc7 Bc6 23. Bh3 Qa1+ 24. Kh2 Qe1 25. Qf4 Rf8 26. d4 Qe2
0-1

[Event "Southend Easter op 64th"]
[Site "Southend-on-Sea"]
[Date "2022.04.15"]
[Round "2.7"]
[White "Burnett, Andrew"]
[Black "Dias, Savin"]
[Result "1/2-1/2"]
[WhiteElo "2163"]
[BlackElo "1968"]
[PlyCount "150"]
[EventDate "2022.04.15"]
[EventType "swiss"]
[EventRounds "7"]
[EventCountry "ENG"]

1. d4 Nf6 2. c4 g6 3. h4 Bg7 4. Nc3 d6 5. e4 Nbd7 6. Be2 e5 7. d5 h5 8. Nh3 Nc5
9. f3 a5 10. Nf2 O-O 11. Be3 Bd7 12. Qd2 Kh7 13. g4 Rh8 14. O-O-O Qe8 15. Rdg1
Kg8 16. Rh2 Na4 17. Nxa4 Bxa4 18. Kb1 Bd7 19. c5 dxc5 20. Bxc5 b6 21. Be3 Qe7
22. d6 Qxd6 23. Qxd6 cxd6 24. g5 Ne8 25. Bxb6 Be6 26. a4 Kh7 27. Bb5 d5 28.
exd5 Bxd5 29. Ne4 Bxe4+ 30. fxe4 Nd6 31. Bd3 f5 32. gxf6 Bxf6 33. Rc1 Rhc8 34.
Rxc8 Nxc8 35. Bf2 Ne7 36. Be1 Nc6 37. Rc2 Nd4 38. Rc7+ Kh6 39. Rf7 Bd8 40. Bd2+
g5 41. Rd7 Nf3 42. hxg5+ Bxg5 43. Rd6+ Kg7 44. Bc3 Bf4 45. Be2 Ng5 46. Bxh5
Nxe4 47. Rd7+ Kh6 48. Bf3 Nxc3+ 49. bxc3 Rc8 50. Kc2 Rc5 51. Kd3 Kg6 52. Bd5
Bg3 53. c4 Bf4 54. Ke4 Kf6 55. Rf7+ Kg6 56. Ra7 Kf6 57. Rf7+ Kg6 58. Rb7 Kf6
59. Rb6+ Ke7 60. Kf5 Kd7 61. Rb7+ Kd6 62. Rb6+ Kd7 63. Rg6 Ke7 64. Be6 Rc6 65.
Rg7+ Kd6 66. Bd5 Rc7 67. Rg1 Rc8 68. Rb1 Bd2 69. Ke4 Bb4 70. Rh1 Bc3 71. Kd3
Bd4 72. Rb1 Rc5 73. Rb6+ Kc7 74. Ra6 Kd7 75. Ke4 Bc3 1/2-1/2

[Event "Southend Easter op 64th"]
[Site "Southend-on-Sea"]
[Date "2022.04.15"]
[Round "2.8"]
[White "Brixel, Christof"]
[Black "Spence, David J"]
[Result "1/2-1/2"]
[WhiteElo "1974"]
[BlackElo "2146"]
[PlyCount "120"]
[EventDate "2022.04.15"]
[EventType "swiss"]
[EventRounds "7"]
[EventCountry "ENG"]

1. Nf3 Nf6 2. b3 e6 3. Bb2 b6 4. g3 Bb7 5. Bg2 c5 6. c4 Be7 7. O-O O-O 8. Nc3
d6 9. d4 cxd4 10. Qxd4 a6 11. e4 Qc7 12. Rac1 Nbd7 13. Rfd1 Rfd8 14. h3 Rac8
15. Ba3 Nc5 16. Qe3 Ncxe4 17. Nd4 Nxc3 18. Qxc3 Bxg2 19. Kxg2 d5 20. Bxe7 Qxe7
21. Qf3 Qa3 22. Qe2 b5 23. Rc2 bxc4 24. bxc4 dxc4 25. Rxc4 Rxc4 26. Qxc4 Qd6
27. Rd2 Ne4 28. Re2 Qxd4 29. Rxe4 Qd5 30. Kf3 a5 31. Qxd5 Rxd5 32. Rc4 h5 33.
h4 Kh7 34. Rc7 Kg6 35. Ke3 Kf6 36. Rb7 g5 37. hxg5+ Rxg5 38. Ra7 Rf5 39. f4 Rb5
40. a4 Rd5 41. Rb7 e5 42. fxe5+ Rxe5+ 43. Kf4 Rf5+ 44. Ke4 Rg5 45. Rb6+ Kg7 46.
Rb5 Rxg3 47. Rxa5 h4 48. Kf4 Kg6 49. Ra8 Ra3 50. Kg4 h3 51. Rh8 f5+ 52. Kf4
Rxa4+ 53. Kg3 Rg4+ 54. Kf3 Rb4 55. Rxh3 Rb3+ 56. Kg2 Rb2+ 57. Kf3 Kg5 58. Rg3+
Kf6 59. Rg8 Rb3+ 60. Kf4 Rb4+ 1/2-1/2

[Event "Southend Easter op 64th"]
[Site "Southend-on-Sea"]
[Date "2022.04.15"]
[Round "2.9"]
[White "Eames, Robert S"]
[Black "Pert, Nina"]
[Result "1-0"]
[WhiteElo "2140"]
[BlackElo "1535"]
[PlyCount "81"]
[EventDate "2022.04.15"]
[EventType "swiss"]
[EventRounds "7"]
[EventCountry "ENG"]

1. e4 c6 2. d4 d5 3. e5 Bf5 4. h4 c5 5. dxc5 Nc6 6. g4 Bd7 7. Bf4 e6 8. Nd2
Bxc5 9. Nb3 Bb6 10. Nf3 Nge7 11. h5 Qc7 12. Qd2 Rc8 13. c3 Na5 14. Nxa5 Bxa5
15. Bd3 Nc6 16. b4 Bb6 17. Rc1 h6 18. Rg1 Qd8 19. Ke2 d4 20. c4 a5 21. a3 axb4
22. axb4 Qe7 23. c5 Bd8 24. g5 Qf8 25. gxh6 gxh6 26. Rg6 Ba5 27. bxa5 fxg6 28.
Bxg6+ Kd8 29. Nxd4 Nxd4+ 30. Qxd4 Rc6 31. Rd1 Qe7 32. Be3 Ra6 33. Qb4 Kc7 34.
Bd3 Raa8 35. Qb6+ Kc8 36. Be4 Rb8 37. a6 bxa6 38. Qxa6+ Kc7 39. Qa7+ Kc8 40. c6
Rb2+ 41. Kf1 1-0

[Event "Southend Easter op 64th"]
[Site "Southend-on-Sea"]
[Date "2022.04.15"]
[Round "2.10"]
[White "Stoica, Savas Marin"]
[Black "Schwartz, Julius"]
[Result "0-1"]
[WhiteElo "1963"]
[BlackElo "2118"]
[PlyCount "68"]
[EventDate "2022.04.15"]
[EventType "swiss"]
[EventRounds "7"]
[EventCountry "ENG"]

1. e4 c5 2. Nf3 d6 3. d4 cxd4 4. Nxd4 Nf6 5. Nc3 a6 6. a3 e5 7. Nf5 g6 8. Ne3
Be6 9. Bc4 Nbd7 10. Qe2 Rc8 11. Ned5 Bg7 12. O-O Nb6 13. Bb3 Bxd5 14. Nxd5
Nfxd5 15. exd5 O-O 16. c3 f5 17. f3 Nd7 18. Be3 Re8 19. Kh1 Qh4 20. a4 Bh6 21.
a5 Bxe3 22. Qxe3 e4 23. Ra4 Qh5 24. g4 Qh3 25. Qg1 exf3 26. Bd1 Ne5 27. gxf5
Qxf5 28. Qe3 Rf8 29. Rh4 Rce8 30. Qh6 Re7 31. Rh3 Ng4 32. Qd2 Nf2+ 33. Rxf2
Qxh3 34. c4 Rfe8 0-1

[Event "Southend Easter op 64th"]
[Site "Southend-on-Sea"]
[Date "2022.04.15"]
[Round "2.11"]
[White "Sedykh, Mikhail"]
[Black "Edipoglu, Berk"]
[Result "1-0"]
[WhiteElo "2117"]
[BlackElo "1502"]
[PlyCount "93"]
[EventDate "2022.04.15"]
[EventType "swiss"]
[EventRounds "7"]
[EventCountry "ENG"]

1. d4 Nf6 2. c4 Nc6 3. Nf3 e6 4. Nc3 Bb4 5. Qc2 O-O 6. a3 Bxc3+ 7. Qxc3 a5 8.
Bg5 d6 9. e3 Re8 10. d5 exd5 11. Bxf6 Qxf6 12. Qxf6 gxf6 13. cxd5 Ne5 14. Rc1
Re7 15. Nd4 Bg4 16. h3 Bh5 17. f4 Ng6 18. Nf5 Re4 19. g4 Bxg4 20. hxg4 Nxf4 21.
Kf2 Nxd5 22. Bg2 Rxg4 23. Bxd5 Rg5 24. Rhg1 c6 25. Nh6+ Kg7 26. Nxf7 Rg6 27.
Ba2 d5 28. Nd6 Rd8 29. Nf5+ Kf7 30. Rh1 Rg5 31. Bb1 h5 32. Rcg1 Kg6 33. Nd6+
Kg7 34. Rxg5+ fxg5 35. Nf5+ Kg6 36. Ng3+ Kf6 37. Rxh5 Rf8 38. Ke2 b5 39. Rh6+
Ke5 40. Rxc6 Rh8 41. Bf5 Re8 42. Rc5 Rb8 43. e4 b4 44. Rxd5+ Kf6 45. Rxa5 bxa3
46. bxa3 Rb2+ 47. Kf3 1-0

[Event "Southend Easter op 64th"]
[Site "Southend-on-Sea"]
[Date "2022.04.15"]
[Round "2.12"]
[White "Mueller, Jens"]
[Black "Willmoth, Robert F"]
[Result "0-1"]
[WhiteElo "1914"]
[BlackElo "2106"]
[PlyCount "94"]
[EventDate "2022.04.15"]
[EventType "swiss"]
[EventRounds "7"]
[EventCountry "ENG"]

1. d4 d6 2. Bf4 Nf6 3. Nc3 g6 4. e4 c6 5. Qd2 b5 6. f3 Nbd7 7. d5 cxd5 8. Nxd5
a6 9. Ne2 Bg7 10. O-O-O Nxd5 11. exd5 Nb6 12. Nd4 Bb7 13. Nc6 Qc7 14. Nb4 O-O
15. Bh6 Bxh6 16. Qxh6 Rfc8 17. Bd3 Nc4 18. h4 Nxb2 19. h5 Nxd3+ 20. Rxd3 g5 21.
Qxg5+ Kh8 22. Re1 f6 23. Qf5 Rf8 24. Rde3 Rae8 25. g4 a5 26. Nc6 e5 27. h6 b4
28. g5 Bc8 29. Qd3 fxg5 30. Qc4 Qb6 31. Qe2 Rf5 32. Qh2 Qc7 33. Qh5 Rg8 34. Qh2
Bb7 35. Qh3 Rf6 36. Nxe5 dxe5 37. Rxe5 Qd6 38. Qg3 Rxh6 39. f4 g4 40. Qd3 g3
41. Rh5 Rhg6 42. Reh1 Qxf4+ 43. Kb1 R8g7 44. Qb5 h6 45. Rf1 Qe4 46. Rf8+ Kh7
47. Re8 Qf3 0-1

[Event "Southend Easter op 64th"]
[Site "Southend-on-Sea"]
[Date "2022.04.15"]
[Round "2.13"]
[White "Chan, Ngo Yu"]
[Black "Onslow, Alfie"]
[Result "1/2-1/2"]
[WhiteElo "1525"]
[BlackElo "2077"]
[PlyCount "105"]
[EventDate "2022.04.15"]
[EventType "swiss"]
[EventRounds "7"]
[EventCountry "ENG"]

1. e4 c6 2. d4 d5 3. Nc3 dxe4 4. Nxe4 Nf6 5. Nxf6+ exf6 6. Nf3 Bd6 7. Bd3 O-O
8. O-O Bg4 9. h3 Bh5 10. c3 Re8 11. Be3 Nd7 12. Re1 Nf8 13. Be2 Ne6 14. Ng5
Bxe2 15. Nxe6 Rxe6 16. Rxe2 f5 17. f4 Qe7 18. Qd2 Re8 19. Rae1 Bxf4 20. Kf2
Qh4+ 21. Kf1 Bxe3 22. Rxe3 Qf4+ 23. Qf2 Rxe3 24. Qxf4 Rxe1+ 25. Kf2 g6 26. Qd2
R1e4 27. b3 Kg7 28. c4 Rd8 29. d5 cxd5 30. cxd5 Re5 31. d6 Re6 32. Qd4+ Kg8 33.
Qxa7 Rexd6 34. Qxb7 Rd2+ 35. Kg3 Rxa2 36. b4 h6 37. b5 Rb2 38. b6 g5 39. Qc7
Rd3+ 40. Kh2 Rdb3 41. Qd8+ Kg7 42. Qd4+ Kg6 43. Qd6+ f6 44. Qf8 Kh5 45. Qf7+
Kh4 46. Qxf6 Rxh3+ 47. Kg1 Rb1+ 48. Kf2 Rhh1 49. b7 Rhf1+ 50. Ke2 Rfe1+ 51. Kf2
Rf1+ 52. Ke2 Rfe1+ 53. Kf2 1/2-1/2

[Event "Southend Easter op 64th"]
[Site "Southend-on-Sea"]
[Date "2022.04.15"]
[Round "2.14"]
[White "Bates, Richard A"]
[Black "Kafetzopoulos, Anastasios"]
[Result "1/2-1/2"]
[WhiteElo "2356"]
[BlackElo "1934"]
[PlyCount "49"]
[EventDate "2022.04.15"]
[EventType "swiss"]
[EventRounds "7"]
[EventCountry "ENG"]

1. d4 Nf6 2. Nf3 e6 3. c4 Bb4+ 4. Bd2 Qe7 5. g3 O-O 6. Bg2 Nc6 7. O-O Bxd2 8.
Qxd2 d6 9. Nc3 e5 10. d5 Nb8 11. e4 a5 12. Ne1 Na6 13. Nd3 Nd7 14. f4 exf4 15.
gxf4 Ndc5 16. Rae1 Nxd3 17. Qxd3 Nc5 18. Qd4 Qh4 19. Re3 Bd7 20. Rg3 f6 21.
Rff3 Rae8 22. Bh3 Bxh3 23. Rxh3 Qg4+ 24. Rhg3 Qh5 25. Rh3 1/2-1/2